000 00594nam a2200193 i 4500
001 bgj
100 1 _aMAUGHAM, William Somerset
_d(1874-1965).
245 1 0 _aThe Magician :
_ba novel : together with a fragment of authobiography /
_cW. Somerset Maugham.
260 _aLondon :
_bPan Books,
_c1978=
_bin association with Heinemann.
300 _a198, [1] pp ;
_c18 cm.
650 9 _aAuthors, English
_y20th century
655 _aBiographies
020 _a0330254960
040 _cBPK
041 0 _aeng
920 _a0-330-25496-0
942 _cKS
008 s uk f |000 0 eng
999 _c48648
_d48648
856 _uhttp://koha.tu.koszalin.pl/cgi-bin/koha/opac-detail.pl?biblionumber=48648
_yKatalog online BPK